Vị trí, vai trò và cơ chế hoạt động của tổ chức thương mại thế giới trong hệ thống thương mại đa phương.

محفوظ في:
التفاصيل البيبلوغرافية
التنسيق: Sách giấy
اللغة:Vietnamese
منشور في: H. : Lao động - Xã hội, 2007.
الموضوعات:
الوسوم: إضافة وسم
لا توجد وسوم, كن أول من يضع وسما على هذه التسجيلة!
Thư viện lưu trữ: Thư viện Trường Đại học Đà Lạt
LEADER 00853nam a2200301 4500
001 DLU080064205
005 ##20081218
040 # # |a DLU  |b vie 
041 # # |a vie 
044 # # |a vn 
082 # # |a 382.92  |b Vit 
245 # # |a Vị trí, vai trò và cơ chế hoạt động của tổ chức thương mại thế giới trong hệ thống thương mại đa phương. 
260 # # |a H. :  |b Lao động - Xã hội,  |c 2007. 
300 # # |a 447 tr. ;  |c 24 cm. 
653 # # |a Hội nhập kinh tế 
653 # # |a Tổ chức thương mại thế giới 
653 # # |a Thương mại quốc tế 
653 # # |a Toàn cầu hoá kinh tế 
923 # # |a 15/2008 
992 # # |a 23000 
994 # # |a DLU 
900 # # |a True 
911 # # |a Đào Thị Thu Huyền 
925 # # |a G 
926 # # |a A 
927 # # |a SH 
980 # # |a Thư viện Trường Đại học Đà Lạt